01363cam a2200361 a 4500999001500000001000900015003000600024005001700030008004100047010001300088020001500101020001800116020002700134020003000161035002000191040006100211043001200272050002000284082001700304100002300321245010300344260004800447300004100495490001800536504006000554505014100614520009800755650004500853651005500898710002100953830001500974942001200989 c5162d516215548767OCoLC20181221145131.0870320s1987 vaua b 001 0 eng  a87009917 a0809447924 a9780809447923 a0809447932 (lib. bdg.) a9780809447930 (lib. bdg.) a(OCoLC)15548767 aDLCbengcDLCdBTCTAdBAKERdYDXCPdZGBdJRAdOCLCQdMJO an-us---00aE668b.M93 1987 a973.7bC837C1 aMurphy, Richard W.14aThe Nation reunited :bwar's aftermath /cby Richard W. Murphy and the editors of Time-Life Books. aAlexandria, Va. :bTime-Life Books,cc1987. a176 p. :bill. (some col.) ;c28 cm.1 aThe Civil War aIncludes bibliographical references (p. 172) and index.0 aThe North divided -- The radicals ascendant -- A wild rush for riches -- A presidency scarred by scandal -- Retreat from Reconstruction. aPortrays the people and events of the post-Civil war era in the United States from 1865-1876. 0aReconstruction (U.S. history, 1865-1877) 0aUnited StatesxPolitics and governmenty1865-1877.2 aTime-Life Books. 0aCivil War. 2ddccBK